000 00373pab a2200157 454500
008 180718b2008 xxu||||| |||| 00| 0 eng d
100 _aChaudhary, Anju Grover
245 _aDigital game-based learning - future of education?
260 _c2008
300 _ap.1-15.
362 _aJul-Dec
650 _aEducation
773 _aPranjana
908 _aN
909 _a84846
999 _c84846
_d84846